| 000 | 01108nam0a22002891 4500 | ||
|---|---|---|---|
| 001 | rc\4483939 | ||
| 005 | 20201106153805.0 | ||
| 021 |
_aRU _b[59-42938] |
||
| 035 | _a(NLR Aleph) 008604129 | ||
| 090 |
_a8722707 _c8722707 |
||
| 100 | _a20130416d1959 |||y0rusy50 ca | ||
| 101 | 0 | _arus | |
| 102 | _aRU | ||
| 105 | _aac z ||||| | ||
| 200 | 1 |
_aА.С. Пушкин и Азербайджан _fДекада азерб. искусства и литературы (1959; Москва) |
|
| 210 |
_aБаку _cДетюниздат _d1959 |
||
| 215 |
_a251 с., 1 л. портр. _cил. _d17 |
||
| 320 | _aБиблиогр. в примеч.: с. 225-250 | ||
| 606 |
_xРусско-азербайджанские литературные связи _2psbo |
||
| 700 | 1 |
_aКурбанов _bШ. К. оглы _f1925-1967 _gШихали Курбан оглы |
|
| 702 | 1 |
_aПушкин _bА. С. _cпоэт _f1799-1837 _gАлександр Сергеевич _3RU\NLR\AUTH\77386 _4570 |
|
| 801 | 0 |
_aRU _bNLR _gpsbo |
|
| 801 | 1 |
_aRU _bELAR _2rusmarc |
|
| 852 |
_aNLR _j59-2/1537 |
||
| 942 | _cBOOK | ||
| 980 | _aNB | ||